La sociedad civil frente al patrimonio cultural /

Coloquio realizado en la Ciudad de México en 1994.

-д хадгалсан:
Номзүйн дэлгэрэнгүй
Байгууллагын зохиогч: Coloquio del Seminario de Estudio del Patrimonio Artístico: Conservación, Restauración y Defensa ( UNAM, Instituto de Investigaciones Estéticas)
Бусад зохиолчид: Vidargas, Francisco (edición) (edición)
Формат: Бага хурлын үйл явц Ном
Хэл сонгох:испани
Хэвлэсэн: México : UNAM, Instituto de Investigaciones Estéticas, 1997, c1997
Нөхцлүүд:
Шошгууд: Шошго нэмэх
Шошго байхгүй, Энэхүү баримтыг шошголох эхний хүн болох!

MARC

LEADER 00000nam^a2200000^a^4500
001 000164380
005 20250521000000.0
009 20260310100939.957
020 |a 968-36-5977-2 
037 |a Acervo ITESO - Biblioteca 
041 |a ESP 
082 |a 719. 320972  |b COL 1994 
111 |a Coloquio del Seminario de Estudio del Patrimonio Artístico: Conservación, Restauración y Defensa (  |n 3o :  |d 1994 :  |c UNAM, Instituto de Investigaciones Estéticas) 
245 1 3 |a La sociedad civil frente al patrimonio cultural /  |c Coloquio del Seminario de Estudio del Patrimonio Artístico: conservación, Restauración y Defensa ; ed. de F. Vidargas. 
264 4 |a México :  |b UNAM, Instituto de Investigaciones Estéticas,  |c 1997, c1997 
300 |a 147 p. 
336 |a texto  |b txt  |2 rdacontenido 
337 |a sin mediación  |b n  |2 rdamedio 
338 |a volumen  |b nc  |2 rdasoporte 
520 |a Coloquio realizado en la Ciudad de México en 1994. 
649 |a XX 
650 |a Patrimonio Artístico -  |z México 
650 |a Patrimonio Histórico -  |z México 
650 |a Valoración Patrimonial e Histórica -  |z México 
650 |a Restauración y Conservación de Arte -  |z México -  |x Congresos 
650 |a Restauración y Conservación de Arte -  |z México -  |x Historia 
650 |a Sociedad Civil -  |z México 
650 |a Participación Social -  |z México 
650 |a Política Cultural -  |z México 
650 |a Arquitectura Virreinal -  |z México 
650 |a Arquitectura Mexicana 
650 |a Arte Virreinal -  |z México 
650 |a Arte Mexicano 
700 |a Vidargas, Francisco  |e (edición) 
910 |a Fondo General 
920 |a Impresos - Libros 
930 |a Colección General 
905 |a 101 
901 |a 0500098442  |b IT1  |c ACC  |u 20250521 
901 |a 0500216979  |b IT1  |c ACC  |i C135182  |u 20250521 
902 |a https://opac.biblio.iteso.mx/vufind/Record/000164380